000 00796nam a2200217Ii 4500
003 JO-AjNU
008 230605s9999||||xx |||||||||||||| ||und||
017 _a2008/1/225
040 _aJO-AjNU
_bara
_erda
_cJO-AjNU
041 _aara
050 1 4 _aBP161.2.K84.2012
100 3 _aكوكش،يحيى رامز ، الفتياني،خالد ابراهيم,
_eauthor
_932933
245 0 0 _aالواضح في الثقافة الإسلامية
250 _aط4
264 3 1 _aعمان:دار المسيرة للنشر والتوزيع والطباعة ،2012
300 _a304ص
336 _atext
_btxt
_2rdacontent
337 _aunmediated
_bn
_2rdamedia
338 _avolume
_bnc
_2rdacarrier
650 4 _aالثقافة الاسلامية-التربية الاسلامية-الاسلام
_932934
999 _aA13352
_c16920
_d16920